[Event "Lipetsk City-ch"]
[Site "Lipetsk"]
[Date "2007.08.15"]
[Round "2"]
[White "Beliaev, Vitaly"]
[Black "Skomorohov, Grigorij"]
[Result "1/2-1/2"]
[WhiteElo "2063"]
[BlackElo "2180"]
[PlyCount "136"]
[EventDate "2007.08.14"]
[EventType "swiss"]
[EventRounds "9"]
[EventCountry "RUS"]
[SourceTitle "EXT 2009"]
[Source "ChessBase"]
[SourceDate "2008.11.26"]
[SourceVersion "1"]
[SourceVersionDate "2008.11.26"]
[SourceQuality "1"]

1. e4 c5 2. Nf3 Nc6 3. Bb5 g6 4. 0-0 Bg7 5. c3 Nf6 6. Re1 0-0 7. d4 cxd4 8. cxd4 d5 9. e5 Ne4 10. Nc3 Nxc3 11. bxc3 Qa5 12. Qa4 Qxa4 13. Bxa4 Bf5 14. Ba3 Rfc8 15. Bb3 e6 16. Nh4 Be4 17. Rad1 g5 18. f3 Bg6 19. Nxg6 hxg6 20. Bc2 Bf8 21. Bb2 Na5 22. Bd3 Be7 23. Rb1 Nc4 24. Bc1 b6 25. Kf2 Rc7 26. Ke2 Rac8 27. h3 Rc6 28. Rh1 Kg7 29. Ra1 R8c7 30. g3 Rc8 31. a4 Na5 32. Bb2 Nb3 33. Rab1 R6c7 34. Ba6 Rh8 35. Bd3 Na5 36. Ra1 Nc4 37. Bc1 Re8 38. Bxc4 Rxc4 39. Bd2 Rh8 40. Kd3 Rhc8 41. Rhb1 Bd8 42. Rh1 Be7 43. Rhb1 Rh8 44. Rh1 Bd8 45. Ke2 Kf8 46. Kd3 Ke8 47. Kc2 Kd7 48. Kb3 Be7 49. f4 gxf4 50. Bxf4 Rb8 51. h4 a5 52. g4 b5 53. axb5 Rxb5+ 54. Kc2 a4 55. h5 gxh5 56. gxh5 a3 57. h6 Rb2+ 58. Kd3 Rc8 59. h7 Rh8 60. Bc1 Rg2 61. Bxa3 Bg5 62. Bc1 Bxc1 63. Raxc1 Rg7 64. Ra1 Rgxh7 65. Rxh7 Rxh7 66. Kc2 Ke7 67. Ra7+ Kf8 68. Kb3 Rh1 1/2-1/2

[Event "Lipetsk King's Gambit op-C"]
[Site "Lipetsk"]
[Date "2007.06.23"]
[Round "2"]
[White "Beliaev, Vitaly"]
[Black "Shishkin, Aleksey A"]
[Result "1/2-1/2"]
[WhiteElo "2082"]
[BlackElo "2241"]
[PlyCount "73"]
[EventDate "2007.06.22"]
[EventType "swiss"]
[EventRounds "9"]
[EventCountry "RUS"]
[SourceTitle "EXT 2022"]
[Source "ChessBase"]
[SourceDate "2021.10.06"]
[SourceVersion "1"]
[SourceVersionDate "2021.10.06"]
[SourceQuality "1"]

1. e4 c6 2. c4 d5 3. exd5 cxd5 4. cxd5 Nf6 5. d4 Nxd5 6. Nf3 Nc6 7. Nc3 e6 8. Bd3 Be7 9. 0-0 0-0 10. Re1 Nxc3 11. bxc3 b6 12. Be4 Bb7 13. Ne5 Na5 14. Bxb7 Nxb7 15. Qf3 Qc7 16. Bf4 Bd6 17. Rac1 Rac8 18. c4 Rfe8 19. Bg3 f6 20. Nd3 Bxg3 21. hxg3 Rcd8 22. Nf4 Rd6 23. d5 e5 24. Ne6 Qf7 25. Qa3 Ra8 26. Red1 Qe7 27. c5 Nxc5 28. Nxc5 bxc5 29. Rxc5 Rad8 30. Rc6 Kf7 31. Qb3 R8d7 32. Qc4 g6 33. Rc8 Kg7 34. g4 Rd8 35. Rc7 R8d7 36. Rc8 Rd8 37. Rc7 1/2-1/2

[Event "Privolzhskogo FO-ch"]
[Site "Togliatti"]
[Date "2007.03.30"]
[Round "9"]
[White "Beliaev, Vitaly"]
[Black "Vdovin, Sergei"]
[Result "0-1"]
[WhiteElo "2038"]
[BlackElo "2093"]
[PlyCount "68"]
[EventDate "2007.03.22"]
[EventType "swiss"]
[EventRounds "9"]
[EventCountry "RUS"]
[SourceTitle "EXT 2010"]
[Source "ChessBase"]
[SourceDate "2010.11.25"]
[SourceVersion "1"]
[SourceVersionDate "2010.11.25"]
[SourceQuality "1"]

1. e4 c6 2. d4 d5 3. e5 Bf5 4. Ne2 e6 5. Ng3 Bg6 6. h4 h6 7. h5 Bh7 8. Bd3 Bxd3 9. cxd3 c5 10. dxc5 Bxc5 11. d4 Bb4+ 12. Nc3 Nc6 13. a3 Be7 14. Qg4 Kf8 15. Nge2 Qb6 16. Rh3 Bg5 17. f4 Nxd4 18. Nxd4 Qxd4 19. Be3 Qc4 20. Rg3 f5 21. exf6 Nxf6 22. Qh3 Bxf4 23. Bxf4 Qxf4 24. Rf3 Qe5+ 25. Kf1 Re8 26. Re1 Qd6 27. Qh4 Kf7 28. Qg4 Rhf8 29. Qg6+ Kg8 30. Kg1 Re7 31. Ref1 Ref7 32. Nd1 Qe5 33. Re3 Qxh5 34. Qg3 Ne4 0-1

[Event "Privolzhskogo FO-ch"]
[Site "Togliatti"]
[Date "2007.03.27"]
[Round "6"]
[White "Beliaev, Vitaly"]
[Black "Vlasov, Andrey"]
[Result "0-1"]
[WhiteElo "2038"]
[BlackElo "2283"]
[PlyCount "86"]
[EventDate "2007.03.22"]
[EventType "swiss"]
[EventRounds "9"]
[EventCountry "RUS"]
[SourceTitle "EXT 2010"]
[Source "ChessBase"]
[SourceDate "2010.11.25"]
[SourceVersion "1"]
[SourceVersionDate "2010.11.25"]
[SourceQuality "1"]

1. e4 e5 2. Nf3 Nc6 3. d4 exd4 4. Nxd4 Qh4 5. Nc3 Bb4 6. Be2 Qxe4 7. Ndb5 Bxc3+ 8. bxc3 Kd8 9. 0-0 a6 10. Bg5+ f6 11. Re1 fxg5 12. Bh5 Qxe1+ 13. Qxe1 Nf6 14. Qe3 h6 15. Nd6 cxd6 16. Qb6+ Ke7 17. Re1+ Ne5 18. Qb4 Ke6 19. Qc4+ d5 20. Qc7 d6 21. Qxg7 Rh7 22. Bg4+ Nfxg4 23. Qxh7 Bd7 24. Qg7 Nf6 25. Qxh6 Rg8 26. h4 g4 27. Qf4 Kf7 28. Re3 Bc6 29. Qb4 Nc4 30. Re2 Rh8 31. g3 Rd8 32. a4 Rd7 33. Qb1 Bxa4 34. Qc1 Ne5 35. Qf4 Bc6 36. Qf5 Re7 37. h5 Bd7 38. Qf4 Nf3+ 39. Kf1 Bb5 40. c4 Bxc4 41. Qf5 Bxe2+ 42. Kg2 Bf1+ 43. Kh1 Bd3 0-1

[Event "Privolzhskogo FO-ch"]
[Site "Togliatti"]
[Date "2007.03.25"]
[Round "4"]
[White "Savostin, Artem"]
[Black "Beliaev, Vitaly"]
[Result "0-1"]
[WhiteElo "2012"]
[BlackElo "2038"]
[PlyCount "64"]
[EventDate "2007.03.22"]
[EventType "swiss"]
[EventRounds "9"]
[EventCountry "RUS"]
[SourceTitle "EXT 2010"]
[Source "ChessBase"]
[SourceDate "2010.11.25"]
[SourceVersion "1"]
[SourceVersionDate "2010.11.25"]
[SourceQuality "1"]

1. e4 c5 2. Nf3 Nc6 3. d4 cxd4 4. Nxd4 Nf6 5. Nc3 e5 6. Ndb5 d6 7. Bg5 a6 8. Na3 b5 9. Bxf6 gxf6 10. Nd5 f5 11. g3 fxe4 12. Bg2 Bf5 13. c3 Bg6 14. g4 h5 15. Nc2 Bh6 16. Qe2 hxg4 17. Qxg4 Bf4 18. Nxf4 Rh4 19. Qxh4 Qxh4 20. Nd5 0-0-0 21. a4 b4 22. Ncxb4 Nxb4 23. cxb4 e3 24. Rc1+ Kb8 25. Nxe3 Qxb4+ 26. Kf1 Bd3+ 27. Kg1 Rg8 28. h3 Qf4 29. Rd1 Be4 30. Rh2 d5 31. Ng4 f5 32. Nf6 Qf3 0-1